000
00220nam a2200085Ia 4500
008
170620s9999 xx 000 0 und d
100
_a
Ediger- Marlow
245
0
_a
Science Curriculum
260
_b
New Delhi- Discovery Publishing House
260
_c
2007
999
_c
24268
_d
24268